01858nam a22002777a 4500952011600000952011300116952010200229999001700331005001700348008004100365020001800406050002400424082002600448110001200474245002200486250001900508260005000527300002500577500007800602505069900680519004301379519004301422650005701465650004601522942001201568 00104070a04b04d2013-07-22l26m1oC KGF4550 A28 2013p04 004245r2017-04-21s2017-04-21t1w2013-07-22yLB 00104070a03b03d2013-07-29l2oAV KGF4550.A28 2013p03 006421r2014-03-15s2014-03-15t1w2013-07-29yLB 00104070a01b01d2019-10-30l0o346.7208 M611af 2013p01 015158r2019-10-30t1w2019-10-30yLB c90235d9023520231102151558.0130722t20032013MX A | |||| 00| 0 s d a9786074064216 4aC KGF4550bA28 2013 4a346.7208bM611af 2013 aMexico  aAgenda Financiera a20a. edición3 aMéxicob : Ediciones Fiscales ISEFc , 2013 apaginación variada aContiene todas las disposiciones publicadas hasta la fecha de impresión aLey de instituciones de crédito Ley general de organizaciones y actividades auxiliares de crédito Ley del banco de México y reglamento Ley de sociedades de inversión Ley para regular las agrupaciones financieras Ley Federal para la prevención e Identificación de Operaciones con Recursos de Procedencia Ilícita Ley Orgánica de Nacional Financiera Ley de la Comisión Nacional Bancaria y de Valores Ley de Protección y Defensa al Usuario de Servicios Financieros Ley para regular las sociedades de información crediticia Ley de Protección al Ahorro Bancario Ley de Mercado de Valores Ley Monetaria de los Estados Unidos Mexicanos Ley de Ahorro y Crédito Popular  aMaterial Complementario /d(01 015158) aMaterial Complementario /d(04 004245) 0aFINANZAS PÚBLICASzMÉXICOxLEYES Y LEGISLACIÓN 0aFINANZASvLEYES Y LEGISLACIÓNzMÉXICO cLB2lcc